| 000 | 00538nam a22001697a 4500 | ||
|---|---|---|---|
| 003 | SGT | ||
| 020 | _a 978-0415829588 | ||
| 082 |
_a302.23 _bD14L |
||
| 100 | _aLANGFORD,SIMON | ||
| 245 | _aDIGITAL AUDIO EDITING:CORRECTING AND ENHANCING AUDIO IN PRO TOOLS ,LOGIC PRO,CUBASE AND STUDIO ONE. | ||
| 250 | _a1ST | ||
| 260 |
_aNEW YORK _bFACAL PRESS _c2014 |
||
| 300 | _a322 | ||
| 650 | _aMASS COMMUNICATION | ||
| 653 | _aDIGITAL AUDIO EDITING:CORRECTING AND ENHANCING AUDIO IN PRO TOOLS ,LOGIC PRO,CUBASE AND STUDIO ONE. | ||
| 942 |
_2ddc _cBK |
||
| 999 |
_c12802 _d12802 |
||